| 000 | 00534nam a2200193 a 4500 | ||
|---|---|---|---|
| 999 |
_c5859 _d5859 |
||
| 001 | 5859 | ||
| 003 | CDMR | ||
| 005 | 20210916114553.0 | ||
| 008 | 130220s1976||||||||||||||||||||||||||||d | ||
| 020 | _a8472228746 | ||
| 040 |
_aCDMR _bcat _cCDMR |
||
| 100 | 1 |
_aMartí Gómez, José _9673 |
|
| 245 | 1 | 0 |
_aCalvo Serer _b: el exilio y el reino _cpor José Martí Gómez y Josep Ramoneda |
| 260 |
_aBarcelona _bLaia _c1976 |
||
| 300 |
_a118 p. ; _c20 cm |
||
| 490 | 0 |
_aPaperback _v25 |
|
| 700 | 1 |
_93051 _aRamoneda, Josep _d1949- |
|
| 942 |
_cMON _2udc |
||